Service charges in property : Office,retail,werehousing and industrial property

Bibliographic Details
Main Author: McGee, Tristan
Format: Book
Published: The College of estat management , 1984
Subjects:

MARC

LEADER 00000cam a2200000 7i4500
001 0000010369
005 20050629.0
020 |a 0947763090 
040 |a INS 
090 0 0 |a KF560   |b M4788 1984 
100 1 |a McGee, Tristan 
245 1 0 |a Service charges in property :   |b Office,retail,werehousing and industrial property   |c Tristan McGee 
260 |a The College of estat management ,   |c 1984 
300 |a 82p ;   |c 297x210mm. 
650 0 0 |a Real estate 
999 |a 0000008976   |b BOOK   |c Open Shelf   |e Default branch